Word Ladder: Present Presentation Quiz Stats

 Plays Quiz Updated Nov 29, 2012

     
Support Sporcle.
Go Orange.
Score 0/10 Timer 01:30
2 Plays Today
Clue 4-Letter Word % Correct
Present✄ GIFT ❃
98.8%
Subterranean plant partROOT
94.9%
Don't do this to your own hornTOOT
91.9%
Disturbance of the peaceRIOT
88%
Crack or splitRIFT
85.8%
Horse's gaitTROT
83.7%
Home of Helen and Hector?TROY
81.7%
Airplane seat back?TRAY
79.4%
Outer layer of a burrito or a mummy✄ WRAP ❃
76.8%
Admiral Ackbar's favorite wordTRAP
68.9%

Today's Daily Dose

From the Vault

Lego Video Game by Image

by bhenderson79

Gaming 3m
Some assembly required.
Remove Ads.
Support Sporcle.
Get the best of Sporcle when you Go Orange. This ad-free experience offers more features, more stats, and more fun while also helping to support Sporcle. Thank you for becoming a member.

Show Comments

Extras

Top Quizzes Today


Score Distribution

Your Account Isn't Verified!

In order to create a playlist on Sporcle, you need to verify the email address you used during registration. Go to your Sporcle Settings to finish the process.

Report this User

Report this user for behavior that violates our Community Guidelines.

Details: